LEADER 01805nas 2200565-- 450 001 9910303547403321 005 20241223110049.0 011 $a1865-5386 035 $a(DE-599)ZDB2125464-3 035 $a(CKB)110978976477189 035 $a(CONSER)---55016826- 035 $a(MiFhGG)65VA 035 $a(EXLCZ)99110978976477189 100 $a20760204c1952uuuu --- b 101 0 $ager 181 $ctxt$2rdacontent 182 $cc$2rdamedia 183 $acr$2rdacarrier 200 00$aSozialer Fortschritt 210 $aBerlin 215 $a1 online resource 300 $aRefereed/Peer-reviewed 311 08$aPrint version: Sozialer Fortschritt. 0038-609X (DLC) 55016826 (OCoLC)85447885 531 $aSOZIALER FORTSCHRITT UNABHAENGIGE ZEITSCHRIFT FUER SOZIALPOLITIK 531 0 $aSoz. fortschr. 606 $aSocial sciences$vPeriodicals 606 $aMensuels$2eclas 606 $aSciences sociales$2eclas 606 $aSocial policy$2fast$3(OCoLC)fst01122738 606 $aSocial sciences$2fast$3(OCoLC)fst01122877 606 $aSociale politiek$2gtt 606 $aSociale zekerheid$2gtt 607 $aGermany$xSocial policy$vPeriodicals 607 $aAllemagne$2eclas 607 $aGermany$2fast$1https://id.oclc.org/worldcat/entity/E39PBJtCD3rcKcPDx6FHmjvrbd 608 $aPeriodicals.$2fast 608 $aPeriodicals.$2lcgft 615 0$aSocial sciences 615 7$aMensuels. 615 7$aSciences sociales. 615 7$aSocial policy. 615 7$aSocial sciences. 615 17$aSociale politiek. 615 17$aSociale zekerheid. 712 02$aGesellschaft fu?r Sozialen Fortschritt (Germany) 906 $aJOURNAL 912 $a9910303547403321 920 $aexl_impl conversion 996 $aSozialer Fortschritt$92153976 997 $aUNINA